Nuevas narrativas constitucionales en Bolivia y Ecuador: el buen vivir y los derechos de la naturaleza /

Đã lưu trong:
Chi tiết về thư mục
Tác giả chính: Barié, Cletus Gregor
Định dạng: Texto
Các nhãn: Thêm thẻ
Không có thẻ, Là người đầu tiên thẻ bản ghi này!

MARC

LEADER 00000 a a2200000 04500
001 48857
003
040
100 |a Barié, Cletus Gregor  
245 |a Nuevas narrativas constitucionales en Bolivia y Ecuador:   |b el buen vivir y los derechos de la naturaleza /  |c Cletus Gregor Barié  
773 |g número59, (2014), páginas 9-40  
999 |c 26702  |d 26702